<?xml version="1.0" encoding="UTF-8"?>
<collection xmlns="http://www.loc.gov/MARC21/slim">
 <record>
  <leader>01453nam a2200229Ia 4500</leader>
  <controlfield tag="001">CTU_170786</controlfield>
  <controlfield tag="008">210402s9999    xx            000 0 und d</controlfield>
  <datafield tag="082" ind1=" " ind2=" ">
   <subfield code="a">579.332</subfield>
  </datafield>
  <datafield tag="082" ind1=" " ind2=" ">
   <subfield code="b">T502</subfield>
  </datafield>
  <datafield tag="088" ind1=" " ind2=" ">
   <subfield code="a">60420201</subfield>
  </datafield>
  <datafield tag="100" ind1=" " ind2=" ">
   <subfield code="a">Nguyễn, Thanh Tuấn</subfield>
  </datafield>
  <datafield tag="245" ind1=" " ind2="0">
   <subfield code="a">Nghiên cứu đánh giá tính an toàn và hiệu quả bảo vệ của  Glubolin miễn dịch kháng trực khuẩn mũ xanh (Pseudomonas aeruginosa) dạng tiêm trên động vật thực nghiệm :</subfield>
  </datafield>
  <datafield tag="245" ind1=" " ind2="0">
   <subfield code="b">Luận văn Thạc sĩ Khoa học. Chuyên ngành: Công nghệ sinh học</subfield>
  </datafield>
  <datafield tag="245" ind1=" " ind2="0">
   <subfield code="c">Nguyễn Thanh Tuấn ; Trần Đỗ Hùng, Trần Nhân Dũng (Người hướng dẫn Khoa học)</subfield>
  </datafield>
  <datafield tag="260" ind1=" " ind2=" ">
   <subfield code="a">Cần Thơ</subfield>
  </datafield>
  <datafield tag="260" ind1=" " ind2=" ">
   <subfield code="b">Đại học Cần Thơ</subfield>
  </datafield>
  <datafield tag="260" ind1=" " ind2=" ">
   <subfield code="c">2011</subfield>
  </datafield>
  <datafield tag="520" ind1=" " ind2=" ">
   <subfield code="a">Đánh giá tính an toàn của Globulin miễn dịch kháng trực khuẩn mủ xanh dạng tiêm trên động vật thực nghiệm. Đánh giá hiệu quả bảo vệ của Globulin miễn dịch kháng trực khuẩn mủ xanh dạng tiêm trên chuột nhắt trắng nhiễm khuẩn huyết thực nghiệm.</subfield>
  </datafield>
  <datafield tag="650" ind1=" " ind2=" ">
   <subfield code="a">Immunology,Vaccines,Pseudomonas,Miễn dịch học,Vắc-xin,Vi khuẩn Pseudomonas</subfield>
  </datafield>
  <datafield tag="650" ind1=" " ind2=" ">
   <subfield code="x">Biotechnology,Công nghệ sinh học</subfield>
  </datafield>
  <datafield tag="904" ind1=" " ind2=" ">
   <subfield code="i">Năm</subfield>
  </datafield>
  <datafield tag="980" ind1=" " ind2=" ">
   <subfield code="a">Trung tâm Học liệu Trường Đại học Cần Thơ</subfield>
  </datafield>
 </record>
</collection>
